00312cam a22000977a 4500008004000000082001800040100004600058245006500104260003700169300000800206180718b1978 xxu||||| |||| 00| 0 eng d aR11x5461 D378 aDelhi. Bureau of Economics and Statistics aEmployment and unemployment in Delhi: national sample survey aDelhibDelhi Adminstrationc1978 a25p